Государственная регистрация прав на недвижимое имущество (Запись № 765819)

Подробности
000 -МАРКЕР
контрольное поле 02052nam1a2200325 i 4500
001 - ИДЕНТИФИКАТОР ЗАПИСИ
контрольное поле RU\NLR\bibl\741673
005 - ИДЕНТИФИКАТОР ВЕРСИИ
контрольное поле 20260407091242.0
010 ## - МЕЖДУНАРОДНЫЙ СТАНДАРТНЫЙ НОМЕР КНИГИ (ISBN)
Номер (ISBN) 5-88081-362-2
Тираж 1000
035 ## - ДРУГИЕ СИСТЕМНЫЕ НОМЕРА
Идентификатор записи (NLR Aleph) 000731545
100 ## - ДАННЫЕ ОБЩЕЙ ОБРАБОТКИ
Данные общей обработки 20050330d2003 u y0rusy50 ca
101 0# - ЯЗЫК РЕСУРСА
Язык текста, звукозаписи и т.д. русский
102 ## - СТРАНА ПУБЛИКАЦИИ ИЛИ ПРОИЗВОДСТВА
Страна публикации Российская Федерация
105 ## - ПОЛЕ КОДИРОВАННЫХ ДАННЫХ: ТЕКСТОВЫЕ МАТЕРИАЛЫ, МОНОГРАФИЧЕСКИЕ
Кодированные данные о монографическом текстовом документе ||||z |||||
200 1# - ЗАГЛАВИЕ И СВЕДЕНИЯ ОБ ОТВЕТСТВЕННОСТИ
Основное заглавие Государственная регистрация прав на недвижимое имущество
Сведения, относящиеся к заглавию практ. пособие
-- [в 2 ч.]
Первые сведения об ответственности М-во юстиции Рос. Федерации, Ур. федер. округ, Учреждение юстиции по гос. регистрации прав на недвижимое имущество и сделок с ним на территории Тюм. обл.
Последующие сведения об ответственности [А.А. Одинцов и др.]
210 ## - ПУБЛИКАЦИЯ, РАСПРОСТРАНЕНИЕ И ДР.
Место издания, распространения и т.д. Тюмень
Имя издателя, распространителя и т. д. Изд-во Тюм. гос. ун-та
Дата издания, распространения и т.д. 2003
215 ## - ФИЗИЧЕСКАЯ ХАРАКТЕРИСТИКА
Размеры 20
300 ## - ОБЩИЕ ПРИМЕЧАНИЯ
Текст примечания 60 лет Тюм. обл.
463 #0 - УРОВЕНЬ ФИЗИЧЕСКОЙ ЕДИНИЦЫ
Встроенное поле 001561669
463 #0 - УРОВЕНЬ ФИЗИЧЕСКОЙ ЕДИНИЦЫ
Встроенное поле 001561668
606 0# - НАИМЕНОВАНИЕ ТЕМЫ КАК ПРЕДМЕТ
Наименование темы Недвижимое имущество
Формальный подзаголовок Законы, постановления и т.п.
-- Комментарии
Тематический подзаголовок Регистрация прав
Географический подзаголовок Тюменская область
Системный номер авторитетной/нормативной записи 2347519
Идентификатор авторитетной/нормативной записи RU\NLR\auth\661402742
606 0# - НАИМЕНОВАНИЕ ТЕМЫ КАК ПРЕДМЕТ
Наименование темы Недвижимое имущество
Формальный подзаголовок Законодательные материалы
-- Комментарии
Тематический подзаголовок Регистрация прав
Географический подзаголовок Тюменская область
Системный номер авторитетной/нормативной записи 2347519
Идентификатор авторитетной/нормативной записи RU\NLR\auth\661402742
686 ## - ИНДЕКСЫ ДРУГИХ КЛАССИФИКАЦИЙ
Индекс Х623.211.12-329(2Р-4Тю)я7
702 #1 - ИМЯ ЛИЦА - ВТОРИЧНАЯ ОТВЕТСТВЕННОСТЬ
Код отношения Составитель
Материалы, к которым относится поле rus
Графика поля Кириллица
Начальный элемент ввода Одинцов
Часть имени, кроме начального элемента ввода А. А.
Расширение инициалов личного имени Александр Алексеевич
Идентификатор авторитетной/нормативной записи RU\NLR\auth\7724527
Системный номер авторитетной/нормативной записи 7578
712 02 - НАИМЕНОВАНИЕ ОРГАНИЗАЦИИ - ВТОРИЧНАЯ ОТВЕТСТВЕННОСТЬ
Код отношения Прочие
Начальный элемент ввода Учреждение юстиции по государственной регистрации прав на недвижимое имущество и сделок с ним на территории Тюменской области
Идентификатор авторитетной/нормативной записи RU\NLR\AUTH\8810048891
Системный номер авторитетной/нормативной записи 597834
801 #0 - ИСТОЧНИК ЗАПИСИ
Страна Российская Федерация
Организация NLR
Дата составления 20050330
Правила каталогизации PSBO
801 #1 - ИСТОЧНИК ЗАПИСИ
Страна Российская Федерация
Организация NLR
Дата составления 20050330
852 ## - МЕСТОНАХОЖДЕНИЕ И ШИФР ХРАНЕНИЯ
Идентификатор организации NLR
Шифр хранения (Call Number) 2004-3/20869
942 ## - ДОПОЛНИТЕЛЬНЫЕ ЭЛЕМЕНТЫ ЗАПИСИ (АБИС)
Тип экземпляра АБИС Книга

Нет доступных экземпляров.